| 000 | 00977nam a2200193 a 4500 | ||
|---|---|---|---|
| 008 | 120416s1971 xx |||||||||||||| || u | ||
| 050 | _aTS 227 Gia | ||
| 100 | _aGiachino, Joseph William | ||
| 245 | 1 | 0 | _aWelding skills and practices |
| 250 | _a4th ed. | ||
| 260 | _c1971 | ||
| 350 | _a0.00 | ||
| 650 | _aWELDING | ||
| 650 | _aWELDING--STUDY AND TEACHING | ||
| 995 |
_aBINDERY (DAMAGED) _D0.00 _e716574 _FCBU-MAIN LIBRARY (Kitwe) _H2 _I10.80 _jTS 227 Gia _M1 _UDAMAGED _y017641 _ZMain Library Open Access Collection |
||
| 995 |
_aBINDERY (DAMAGED) _D0.00 _e017643 _FCBU-MAIN LIBRARY (Kitwe) _H4 _I10.80 _jTS 227 Gia _M3 _UDAMAGED _y017643 _ZMain Library Open Access Collection |
||
| 995 |
_aBINDERY (DAMAGED) _D0.00 _e718199 _FCBU-MAIN LIBRARY (Kitwe) _H1 _I10.80 _jTS 227 Gia _M4 _UAVAILABLE _y017645 _ZMain Library Open Access Collection |
||
| 995 |
_aANNEX COLLECTION (Main Library) _D0.00 _e017642 _FCBU-MAIN LIBRARY (Kitwe) _H3 _I10.80 _jTS 227 Gia _M2 _UAVAILABLE _y017642 _ZAnnex Low-Usage Collection |
||
| 999 |
_c83095 _d83095 |
||